Foods that Start with E - Statistics

General Stats
  • This quiz has been taken 148 times
  • The average score is 7 of 15
Answer Stats
Picture Answer % Correct
Egg
100%
Eggplant
97%
Eclair
78%
Edam
63%
Eggnog
55%
Escargot
55%
Edamame
51%
Elderberry
43%
Elbow Macaroni
41%
Empanada
38%
Easter Egg Cookie
31%
Egg Salad
28%
Egg Tart
24%
Enchilada
23%
Eel
17%
No matching quizzes found
Score Distribution
Percent of People with Each Score
Percentile by Number Answered
Your Score History
You have not taken this quiz